000
00287nam a22001217a 4500
082
_a
371.3078
_b
CBSE/A
100
_a
CENTRAL BOARD OF SECONDARY EDUCATION
245
_a
ART EDUCATION IN SCHOOLS
260
_a
DELHI
_b
CBSE
_c
1989
300
_a
90
650
_a
EDUCATIONAL
_z
INDIA
942
_c
BK
999
_c
5466
_d
5466